Vzpíraní

Bibliographic Details
Main Author: Duspiva, Karel (Author)
Format: Book
Language:Undetermined
PhysicalDescription:158 s.
Published: Praha Olympia 1983

MARC

LEADER 00000nam a2200000 a 4500
001 vtls001309254
003 SK-MaSNL
005 20260301155755.0
008 240314s1983 xx 0 und
035 |a SNK000261579 
040 |a SNK  |b slo  |c SNK  |e AACR2 
100 1 |a Duspiva, Karel  |4 aut  |9 520444 
245 1 0 |a Vzpíraní 
260 |a Praha  |b Olympia  |c 1983 
300 |a 158 s. 
958 |a OND 
999 |c 802602  |d 804532 
952 |t P60, <04>, [BOOK], {604}  |a SNK  |b SNK  |y VYP  |7 0  |p 17A0106817  |o snkID 79418 D1  |0 0  |1 1  |4 0  |d 1997-11-05  |l 0  |r 2005-01-02 00:00:00  |w 2026-02-24 
952 |a SNK  |b SNK  |y VYP  |7 0  |p 17A0351673  |o snkID 79418  |i snkKIP 8896/83  |3 rekatalogizácia  |0 0  |1 0  |4 0  |d 2005-02-07  |l 0  |r 2026-02-24 02:12:11  |w 2026-02-24